[Event "FRA-chT2 Nord (Women)"]
[Site "France"]
[Date "2005.02.??"]
[Round "2"]
[White "Pierquin, Laura"]
[Black "Petit, Vanessa"]
[Result "0-1"]
[WhiteElo "1390"]
[BlackElo "1550"]
[PlyCount "73"]
[EventDate "2005.03.01"]
[EventType "team"]
[EventRounds "3"]
[EventCountry "FRA"]
[SourceTitle "EXT 2007"]
[Source "ChessBase"]
[SourceDate "2006.11.23"]
[SourceVersion "1"]
[SourceVersionDate "2006.11.23"]
[SourceQuality "1"]

1. d4 d5 2. c4 dxc4 3. Qa4+ Nc6 4. Nf3 Be6 5. e4 Bd7 6. Qxc4 e6 7. Nc3 Nf6 8. e5 Ng8 9. d5 exd5 10. Nxd5 Be6 11. Qb5 Bxd5 12. Qxb7 Nxe5 13. Qb5+ Nc6 14. Ne5 Nge7 15. b3 f6 16. Nf3 Nf5 17. Be2 Bb4+ 18. Bd2 Bxd2+ 19. Nxd2 Bxg2 20. Rg1 Bd5 21. 0-0-0 0-0 22. Nc4 Ncd4 23. Rxd4 Nxd4 24. Qc5 Nxe2+ 25. Kc2 Nxg1 26. a3 Bxc4 27. Qxc4+ Kh8 28. Qg4 Ne2 29. Qxe2 Re8 30. Qf3 h6 31. h4 Rb8 32. h5 Re5 33. Kb2 Qd5 34. Qg4 Qxb3+ 35. Kc1 Qb1+ 36. Kd2 Rd8+ 37. Kc3 0-1